000 00446nam a2200157 i 4500
001 75413
003 ES-MaACL
005 20230906172437.0
007 t|
008 040924s1911 fr ||||1| fre d
100 1 _aGoyau, Georges.
_959406
245 1 0 _aBismarck et l'eglise
_b: le cultur kampf, 1870-1878 /
_cGeorges Goyau.
260 _a[S.l. :
_bs.n.,
_c1911] (
_fTours E. Arrault)
300 _a4 v. ;
_c19 cm.
852 _aES-MaACL
_jF-2978-81
999 _c75413
_d75413